|
|
|
|
| LEADER |
00000naa2a2200000 4500 |
| 001 |
197382 |
| 005 |
20231214155643.0 |
| 035 |
|
|
|a (RuTPU)RU\TPU\book\215290
|
| 090 |
|
|
|a 197382
|
| 100 |
|
|
|a 20110610d2009 k y0rusy50 ca
|
| 101 |
0 |
|
|a rus
|
| 102 |
|
|
|a RU
|
| 200 |
1 |
|
|a Лабораторный комплекс "Система многоканальной диагностики быстропротекающих процессов СМД"
|f А. А. Дмитриенко [и др.]
|
| 320 |
|
|
|a Библиогр.: 4 назв.
|
| 463 |
|
0 |
|0 (RuTPU)RU\TPU\book\208714
|t Автоматизация и управление в промышленности, науке и образовании
|o сборник трудов юбилейной научно-технической конференции, посвященной 100-летию со дня рождения основателя физико-технического факультета и кафедры ЭАФУ, первого декана В. Н. Титова, а также 55-летию кафедры ЭАФУ ФТФ, 29-30 июня 2009 г., Томск
|f Томский политехнический университет (ТПУ)
|v С. 81-85
|d 2009
|p 109 с.
|
| 610 |
1 |
|
|a быстропротекающие процессы
|
| 610 |
1 |
|
|a диагностика
|
| 610 |
1 |
|
|a лабораторные комплексы
|
| 610 |
1 |
|
|a труды учёных ТПУ
|
| 701 |
|
1 |
|a Дмитриенко
|b А. А.
|c физик
|c инженер-проектировщик Томского политехнического университета
|g Андрей Александрович
|3 (RuTPU)RU\TPU\pers\29356
|
| 701 |
|
1 |
|a Павлов
|b В. М.
|c специалист в области автоматики и электроники
|c доцент Томского политехнического университета, кандидат технических наук
|f 1965-
|g Вадим Михайлович
|3 (RuTPU)RU\TPU\pers\25738
|9 11640
|
| 701 |
|
1 |
|a Байструков
|b К. И.
|c физик
|c старший преподаватель Томского политехнического университета
|f 1966-
|g Константин Иванович
|3 (RuTPU)RU\TPU\pers\27825
|
| 701 |
|
1 |
|a Обходский
|b А. В.
|c специалист в области атомной энергетики
|c ассистент кафедры электроники и автоматики физических установок Томского политехнического университета
|g Артем Викторович
|3 (RuTPU)RU\TPU\pers\27571
|
| 701 |
|
1 |
|a Меркулов
|b С. В.
|c российский специалист в области электроники и автоматики физических установок
|c инженер-проектировщик Томского политехнического университета
|f 1977-
|g Степан Вадимович
|3 (RuTPU)RU\TPU\pers\28156
|
| 701 |
|
1 |
|a Голобоков
|b Ю. Н.
|c российский специалист в области ядерной физики
|c инженер Томского политехнического университета
|f 1982-
|g Юрий Николаевич
|3 (RuTPU)RU\TPU\pers\28159
|
| 801 |
|
1 |
|a RU
|b 63413507
|c 20110610
|
| 801 |
|
2 |
|a RU
|b 63413507
|c 20160627
|g RCR
|
| 942 |
|
|
|c BK
|